00883nam a2200217Ia 4500003000900000008004100009020001800050040001600068080001600084245013800100260003700238300001700275490004900292650002000341650002900361700007800390700002700468942000700495999001700502952014600519IN-BaIIA211028s9999 xx 000 0 eng d a0-7923-6381-7 cIIA Library a52:535bLAS 0aLaser guide star adaptive optics for astronomycedited by N. Ageorges and C. Dainty  aDordrechtbKluwer Academicc2000 axxiii, 340p. aMathematical and Physical Sciences; vol. 551 aAdaptive optics aLaser guide stars924604 aAgeorges, N., ed. 924605 aDainty, C., ed.924606 cBK c14031d14031 00104070aBANbBANcGENd2001-03-29eALL g5989.80l4o52:535/ LASp14951r2025-06-03s2025-01-20v5989.80w2001-03-29yBKGRs. 5989.80